00728cam a2200217 a 450000100100000000500170001000800410002704000250006808200190009310000310011224500410014326000400018430000210022453400400024565000250028565000280031091000280033891000070036695201220037399900150049500000438320200929151432.0930610s1993 ag 000 1 spa  aDO-SdBNPbspacBNPHU a823.914bH645s1 aHill, Susan,d1942-91290313aLa señora de Winter /cSusan Hill. aBuenos Aires :bAtlántida,c1993. a319 p. ;c24 cm. pTítulo original :tMrs. De Winter 4aNovela inglesa91071 4aLiteratura inglesa9498 aCatalogación derivada aWM 001052708MOaGRbGRcHDd2009-07-21iLF1l0o823.914 H645sp4383-10r2020-06-25w2020-06-25y2ZPréstamo interno c4192d4192